[Event "World ol U16"]
[Site "Eindhoven"]
[Date "2023.08.15"]
[Round "4.25"]
[White "Caceres Benitez, Fernando Israel"]
[Black "Jiroajvanichakorn, Rathasart"]
[Result "1/2-1/2"]
[WhiteElo "1772"]
[BlackElo "1407"]
[PlyCount "137"]
[EventDate "2023.08.13"]
[EventType "team-swiss"]
[EventRounds "9"]
[EventCountry "NED"]
[SourceTitle "CBM 215 Extra"]
[Source "ChessBase"]
[SourceDate "2023.09.30"]
[SourceVersion "1"]
[SourceVersionDate "2023.09.30"]
[SourceQuality "1"]
[WhiteTeam "Paraguay"]
[BlackTeam "Thailand"]
[WhiteTeamCountry "PAR"]
[BlackTeamCountry "THA"]

1. e4 c5 2. Nf3 Nc6 3. d4 cxd4 4. Nxd4 Nf6 5. Nc3 e5 6. Ndb5 d6 7. Bg5 a6 8. Na3 b5 9. Nd5 Be7 10. Bxf6 Bxf6 11. c4 b4 12. Nc2 a5 13. b3 0-0 14. Bd3 Bg5 15. h4 Bh6 16. Qh5 Be6 17. Rd1 f6 18. Nde3 Bxe3 19. Nxe3 Qe8 20. Qxe8 Rfxe8 21. 0-0 Nd4 22. Nc2 Nxc2 23. Bxc2 Red8 24. Rd2 Kf7 25. Rfd1 Ke7 26. Ra1 a4 27. bxa4 Bxc4 28. Bb3 Be6 29. Rc1 Bxb3 30. axb3 Rdc8 31. Rdc2 Rxc2 32. Rxc2 Kd7 33. Kf1 g6 34. Ke2 f5 35. f3 Rb8 36. Rc4 d5 37. exd5 Kd6 38. Kd3 Kxd5 39. Rc7 h5 40. Rd7+ Ke6 41. Rc7 Kd5 42. g3 Rb6 43. Rc4 Rb7 44. a5 Rb5 45. a6 Ra5 46. Rxb4 Rxa6 47. Rb5+ Kd6 48. Rb4 Kd5 49. Rb8 Rc6 50. Rb4 Re6 51. Rb5+ Kc6 52. Rb4 Kd5 53. Rb5+ Kc6 54. Ra5 Kb6 55. Rd5 Kc6 56. Kc4 e4 57. fxe4 Rxe4+ 58. Rd4 Re3 59. Rd3 Re4+ 60. Kc3 f4 61. gxf4 Rxf4 62. Rg3 Rxh4 63. Rxg6+ Kb5 64. Rg5+ Kc6 65. b4 Kb6 66. Kb3 Rh1 67. Rg6+ Kb5 68. Rg5+ Kb6 69. Rg6+ 1/2-1/2

[Event "PAR-ch U20"]
[Site "Asuncion"]
[Date "2023.06.04"]
[Round "5"]
[White "Caceres Benitez, Fernando Israel"]
[Black "Mayeregger Gonzalez, Renata Valentina"]
[Result "1/2-1/2"]
[WhiteElo "1771"]
[BlackElo "1814"]
[PlyCount "75"]
[EventDate "2023.06.02"]
[EventType "swiss"]
[EventRounds "7"]
[EventCountry "PAR"]
[SourceTitle "CBM 214 Extra"]
[Source "ChessBase"]
[SourceDate "2023.07.31"]
[SourceVersion "1"]
[SourceVersionDate "2023.07.31"]
[SourceQuality "1"]

1. e4 d5 2. exd5 Qxd5 3. Nc3 Qa5 4. Nf3 Nf6 5. d3 Bf5 6. Bd2 c6 7. Be2 Nbd7 8. a3 e6 9. 0-0 Qc7 10. Nh4 Bg6 11. g3 Bd6 12. Be3 0-0 13. Nxg6 hxg6 14. Bf3 Kh7 15. d4 Rh8 16. Ne4 Nxe4 17. Bxe4 Nf6 18. Bg2 Kg8 19. c4 Rd8 20. Qe2 Qe7 21. f4 Nh5 22. Rad1 f5 23. Bc1 Nf6 24. Rfe1 Kf7 25. b4 Bc7 26. d5 cxd5 27. cxd5 Bb6+ 28. Be3 Qd6 29. dxe6+ Qxe6 30. Rxd8 Rxd8 31. Bxb6 Qxb6+ 32. Qe3 Qxe3+ 33. Rxe3 Rd1+ 34. Bf1 Ne4 35. Kg2 Rd2+ 36. Re2 Rd1 37. Re3 Rd2+ 38. Re2 1/2-1/2

[Event "PAR-ch U20"]
[Site "Asuncion"]
[Date "2023.06.04"]
[Round "6"]
[White "Montiel, Angel Nathanael"]
[Black "Caceres Benitez, Fernando Israel"]
[Result "1-0"]
[WhiteElo "1854"]
[BlackElo "1771"]
[PlyCount "65"]
[EventDate "2023.06.02"]
[EventType "swiss"]
[EventRounds "7"]
[EventCountry "PAR"]
[SourceTitle "CBM 214 Extra"]
[Source "ChessBase"]
[SourceDate "2023.07.31"]
[SourceVersion "1"]
[SourceVersionDate "2023.07.31"]
[SourceQuality "1"]

1. d4 Nf6 2. c4 e6 3. g3 d5 4. Bg2 Bb4+ 5. Bd2 Be7 6. Nf3 0-0 7. 0-0 c6 8. Qc2 Nbd7 9. Rd1 b6 10. Bf4 Bb7 11. Nbd2 c5 12. dxc5 Nxc5 13. cxd5 Nxd5 14. Nc4 Qe8 15. Nd6 Qc6 16. Nxb7 Qxb7 17. Bg5 Rac8 18. Bxe7 Qxe7 19. Nd4 Rfd8 20. Qd2 Qe8 21. Rac1 Ne7 22. Qb4 Qa4 23. Qxa4 Nxa4 24. Rxc8 Nxc8 25. Rc1 g6 26. b3 Nb2 27. Nb5 a6 28. Nc3 Ne7 29. Kf1 b5 30. Ke1 f5 31. a3 a5 32. Nxb5 Rb8 33. a4 1-0

[Event "Asuncion zt 2.5"]
[Site "Asuncion"]
[Date "2023.03.09"]
[Round "7"]
[White "Caceres Benitez, Fernando Israel"]
[Black "Butti, Enrique"]
[Result "1/2-1/2"]
[WhiteElo "1686"]
[BlackElo "2021"]
[PlyCount "94"]
[EventDate "2023.03.05"]
[EventType "swiss"]
[EventRounds "9"]
[EventCountry "PAR"]
[SourceTitle "CBM 213 Extra"]
[Source "ChessBase"]
[SourceDate "2023.05.31"]
[SourceVersion "1"]
[SourceVersionDate "2023.05.31"]
[SourceQuality "1"]

1. e4 e6 2. d4 d5 3. Nc3 Bb4 4. e5 c5 5. a3 Bxc3+ 6. bxc3 Qc7 7. Qg4 f5 8. Qg3 b6 9. h4 Ba6 10. Be2 Qf7 11. Be3 Bxe2 12. Nxe2 c4 13. Nf4 Ne7 14. h5 h6 15. Bc1 Nbc6 16. a4 0-0-0 17. Ba3 Kb7 18. Ke2 Rhe8 19. Rhb1 Ka8 20. Bb4 Rb8 21. Bd6 Rb7 22. Rb5 a6 23. Rb2 Nc8 24. Ba3 N6a7 25. Qg6 Qd7 26. Rba2 a5 27. Bc1 Rb8 28. Bd2 Kb7 29. Rg1 Ka6 30. g4 fxg4 31. Qxg4 Rb7 32. Qh3 b5 33. Rg6 Rb6 34. Qg4 Re7 35. axb5+ Nxb5 36. Qg1 Nca7 37. Qa1 Nc6 38. Bc1 Kb7 39. Ra4 Qe8 40. Ba3 Nxa3 41. Qxa3 Qf7 42. Qc1 Qf5 43. Kf3 Rb5 44. Ra2 Rf7 45. Kg3 Nd8 46. Rg4 Nc6 47. Qa3 Rb1 1/2-1/2

[Event "Asuncion zt 2.5"]
[Site "Asuncion"]
[Date "2023.03.08"]
[Round "6"]
[White "Centurion, Emilio"]
[Black "Caceres Benitez, Fernando Israel"]
[Result "1/2-1/2"]
[WhiteElo "1885"]
[BlackElo "1686"]
[PlyCount "134"]
[EventDate "2023.03.05"]
[EventType "swiss"]
[EventRounds "9"]
[EventCountry "PAR"]
[SourceTitle "CBM 213 Extra"]
[Source "ChessBase"]
[SourceDate "2023.05.31"]
[SourceVersion "1"]
[SourceVersionDate "2023.05.31"]
[SourceQuality "1"]

1. e4 e5 2. Nf3 Nc6 3. g3 Nf6 4. d3 d5 5. exd5 Nxd5 6. Bg2 Be7 7. 0-0 0-0 8. Qe1 Bf6 9. Nbd2 Re8 10. Nc4 h6 11. a3 Bf5 12. Na5 Nxa5 13. Qxa5 c6 14. Qa4 Qd7 15. Re1 b6 16. Nd2 Rad8 17. Ne4 Be7 18. Nc3 b5 19. Qa6 Bc5 20. Bxd5 cxd5 21. Qxb5 Qd6 22. Na4 Bd4 23. c3 Rb8 24. Qa5 Bb6 25. Nxb6 Rxb6 26. d4 Bh3 27. dxe5 Rxe5 28. Bf4 Rxe1+ 29. Rxe1 Qc6 30. f3 Rxb2 31. Qd8+ Kh7 32. Be5 Qg6 33. Qxd5 Be6 34. Qe4 Bf5 35. Qf4 Ra2 36. g4 Bd3 37. Qd4 Bb5 38. Qe4 Qxe4 39. Rxe4 Rxa3 40. Kf2 Ra2+ 41. Ke3 Re2+ 42. Kd4 Rxe4+ 43. Kxe4 Bc6+ 44. Ke3 g6 45. Bf6 Kg8 46. f4 Kf8 47. Kd4 Ke8 48. Kc5 Kd7 49. Bd4 Kc7 50. Be5+ Kd7 51. c4 Bf3 52. g5 hxg5 53. fxg5 Bc6 54. Bc3 Bf3 55. Ba5 Bg2 56. Kb5 Bf1 57. Kc5 Bg2 58. Kd4 Kc6 59. Bb4 Bf1 60. c5 Bh3 61. Ke5 Be6 62. h4 Bc4 63. Kf6 Bd5 64. Ke7 a5 65. Ba3 Bc4 66. Kf6 Bd5 67. Ke5 Bc4 1/2-1/2

[Event "Asuncion zt 2.5"]
[Site "Asuncion"]
[Date "2023.03.06"]
[Round "2"]
[White "Navarro Canete, Facundo Javier"]
[Black "Caceres Benitez, Fernando Israel"]
[Result "0-1"]
[WhiteElo "1224"]
[BlackElo "1686"]
[PlyCount "80"]
[EventDate "2023.03.05"]
[EventType "swiss"]
[EventRounds "9"]
[EventCountry "PAR"]
[SourceTitle "CBM 213 Extra"]
[Source "ChessBase"]
[SourceDate "2023.05.31"]
[SourceVersion "1"]
[SourceVersionDate "2023.05.31"]
[SourceQuality "1"]

1. e4 e6 2. d3 d5 3. Nd2 Nf6 4. g3 a5 5. Bg2 Be7 6. Ngf3 0-0 7. 0-0 a4 8. Qe2 a3 9. e5 Nfd7 10. d4 c5 11. c3 axb2 12. Bxb2 Nc6 13. Rfb1 b6 14. a3 Ba6 15. Qe3 Qc7 16. h4 Na5 17. Bf1 Bxf1 18. Rxf1 cxd4 19. cxd4 Qc2 20. Rab1 Rfc8 21. Rfc1 Qa4 22. Rc3 b5 23. Rbc1 Nc4 24. Nxc4 bxc4 25. Ra1 Qb5 26. Qd2 Nb6 27. Rc2 Na4 28. Bc3 Nxc3 29. Qxc3 Rcb8 30. Nd2 Qa4 31. h5 Bb4 32. axb4 Qxa1+ 33. Qxa1 Rxa1+ 34. Kg2 Rxb4 35. Nf3 h6 36. g4 Ra3 37. Ne1 Rb1 38. Nf3 Rd1 39. Ng1 Rxd4 40. f3 c3 0-1

[Event "Florianopolis op 9th"]
[Site "Florianopolis"]
[Date "2023.01.25"]
[Round "4"]
[White "Caceres Benitez, Fernando Israel"]
[Black "Cerrato, Alex"]
[Result "0-1"]
[WhiteElo "1574"]
[BlackElo "1915"]
[PlyCount "64"]
[EventDate "2023.01.23"]
[EventType "swiss"]
[EventRounds "10"]
[EventCountry "BRA"]
[SourceTitle "CBM 212 Extra"]
[Source "ChessBase"]
[SourceDate "2023.03.31"]
[SourceVersion "1"]
[SourceVersionDate "2023.03.31"]
[SourceQuality "1"]

1. f4 e5 2. fxe5 d6 3. Nf3 Nc6 4. e4 Bg4 5. Nc3 Nxe5 6. Be2 Nf6 7. Nxe5 Bxe2 8. Qxe2 dxe5 9. Qb5+ Nd7 10. Qxb7 Bc5 11. Qb5 0-0 12. Na4 a6 13. Qe2 Ba7 14. Rf1 f5 15. exf5 Qh4+ 16. g3 Qxa4 17. b3 Qb5 18. c4 Qb7 19. Bb2 Bd4 20. Bxd4 exd4 21. Qe6+ Rf7 22. 0-0-0 Nc5 23. Qe2 a5 24. Rf4 a4 25. Kb2 axb3 26. a3 Qa7 27. Ra1 Na4+ 28. Kb1 c5 29. g4 Re7 30. Re4 Rae8 31. Re6 Rxe6 32. fxe6 Qe7 0-1

[Event "Vicente Lopez ProAm 100 Years op"]
[Site "Buenos Aires"]
[Date "2022.10.17"]
[Round "8"]
[White "Caceres Benitez, Fernando Israel"]
[Black "Echeguren, Martin"]
[Result "0-1"]
[WhiteElo "1499"]
[BlackElo "1970"]
[PlyCount "62"]
[EventDate "2022.10.11"]
[EventType "swiss"]
[EventRounds "9"]
[EventCountry "ARG"]
[SourceTitle "CBM 210 Extra"]
[Source "ChessBase"]
[SourceDate "2022.11.30"]
[SourceVersion "1"]
[SourceVersionDate "2022.11.30"]
[SourceQuality "1"]

1. e4 e5 2. Nf3 Nc6 3. Bb5 a6 4. Ba4 Nf6 5. 0-0 Be7 6. Qe2 b5 7. Bb3 d6 8. c3 0-0 9. Rd1 Na5 10. Bc2 c5 11. d4 Qc7 12. dxe5 dxe5 13. Nbd2 Be6 14. Nf1 Rfd8 15. Rxd8+ Rxd8 16. Ne3 g6 17. a4 bxa4 18. Rxa4 Bd7 19. Ra1 Bc8 20. h3 c4 21. Nd2 Be6 22. Ra4 Rc8 23. Qf1 Kg7 24. Bd1 Bc5 25. Nexc4 Nxc4 26. Nxc4 Bxc4 27. Qxc4 Bxf2+ 28. Kxf2 Qxc4 29. Rxc4 Rxc4 30. Be2 Ra4 31. Bg5 Nxe4+ 0-1

[Event "Vicente Lopez ProAm 100 Years op"]
[Site "Buenos Aires"]
[Date "2022.10.11"]
[Round "1"]
[White "Borda Rodas, Anapaola S"]
[Black "Caceres Benitez, Fernando Israel"]
[Result "1-0"]
[WhiteElo "2183"]
[BlackElo "1499"]
[PlyCount "107"]
[EventDate "2022.10.11"]
[EventType "swiss"]
[EventRounds "9"]
[EventCountry "ARG"]
[SourceTitle "CBM 210 Extra"]
[Source "ChessBase"]
[SourceDate "2022.11.30"]
[SourceVersion "1"]
[SourceVersionDate "2022.11.30"]
[SourceQuality "1"]

1. e4 e5 2. Nf3 Nf6 3. Nc3 Nc6 4. d4 exd4 5. Nxd4 Bb4 6. Nxc6 bxc6 7. Bd3 0-0 8. 0-0 d5 9. exd5 cxd5 10. Bg5 c6 11. Qf3 Be7 12. h3 Rb8 13. b3 h6 14. Bf4 Bd6 15. Ne2 Re8 16. Rad1 Bxf4 17. Qxf4 Rb7 18. c4 Rbe7 19. Nd4 Qb6 20. cxd5 cxd5 21. Rc1 Ne4 22. Nf5 Bxf5 23. Qxf5 Re5 24. Qd7 R8e7 25. Rc8+ Kh7 26. Qd8 Qd4 27. Qg8+ Kg6 28. Bc2 R5e6 29. Qd8 f5 30. Bxe4 Rxe4 31. Rc6+ R7e6 32. Qe8+ Kf6 33. Qf8+ Kg6 34. Rc7 Re8 35. Qf7+ Kh7 36. Qxf5+ Kh8 37. Rd7 Re1 38. Rxe1 Rxe1+ 39. Kh2 Qe5+ 40. Qxe5 Rxe5 41. Rxa7 Re2 42. Kg3 d4 43. Rd7 Rxa2 44. Rxd4 Ra3 45. Rd3 Kg8 46. Kf4 Kf7 47. Ke5 Ke7 48. f4 g6 49. Kd5 Kd7 50. Kc5+ Kc7 51. Kb5 Ra2 52. g3 g5 53. f5 Rh2 54. g4 1-0

[Event "Pan American-ch U16"]
[Site "Montevideo"]
[Date "2022.06.27"]
[Round "2"]
[White "Caceres Salas, Elias"]
[Black "Caceres Benitez, Fernando Israel"]
[Result "1-0"]
[WhiteElo "1715"]
[BlackElo "1365"]
[PlyCount "69"]
[EventDate "2022.06.26"]
[EventType "swiss"]
[EventRounds "9"]
[EventCountry "URU"]
[SourceTitle "EXT 2023"]
[Source "ChessBase"]
[SourceDate "2022.10.05"]
[SourceVersion "1"]
[SourceVersionDate "2022.10.05"]
[SourceQuality "1"]

1. e4 e6 2. d3 d5 3. Nd2 c5 4. Ngf3 Nf6 5. g3 b6 6. Bg2 Bb7 7. e5 Nfd7 8. 0-0 Nc6 9. Re1 Qc7 10. Qe2 Be7 11. c3 h6 12. Nf1 g5 13. h3 0-0-0 14. d4 c4 15. Ne3 Rde8 16. Bd2 f5 17. exf6 Bxf6 18. b3 Na5 19. b4 Nc6 20. a4 Qd6 21. Ng4 Bg7 22. Nge5 Ndxe5 23. dxe5 Qe7 24. a5 Kc7 25. Be3 bxa5 26. Bc5 Qf7 27. Bd6+ Kc8 28. b5 Ne7 29. Qe3 Nf5 30. Qc5+ Kd8 31. Rxa5 Qd7 32. Rxa7 Bf8 33. Qb6+ Kc8 34. Ra8+ Bxa8 35. Qb8# 1-0

[Event "Pan American-ch U16"]
[Site "Montevideo"]
[Date "2022.06.26"]
[Round "1"]
[White "Caceres Benitez, Fernando Israel"]
[Black "Ballesteros Cardenas, Leonardo"]
[Result "0-1"]
[WhiteElo "1365"]
[BlackElo "2033"]
[PlyCount "58"]
[EventDate "2022.06.26"]
[EventType "swiss"]
[EventRounds "9"]
[EventCountry "URU"]
[SourceTitle "EXT 2023"]
[Source "ChessBase"]
[SourceDate "2022.10.05"]
[SourceVersion "1"]
[SourceVersionDate "2022.10.05"]
[SourceQuality "1"]

1. e4 c6 2. Ne2 d5 3. e5 c5 4. d4 Nc6 5. c3 Bg4 6. h3 Bxe2 7. Bxe2 e6 8. b3 cxd4 9. cxd4 Qb6 10. Bb2 Bb4+ 11. Kf1 Rc8 12. g3 Nh6 13. g4 0-0 14. Kg2 Be7 15. Na3 f6 16. f4 fxe5 17. fxe5 Nxe5 18. Rf1 Ng6 19. Qd2 Qd6 20. Nb5 Nh4+ 21. Kh1 Qg3 22. Rxf8+ Rxf8 23. Bf1 Rf2 24. Qxf2 Qxf2 25. Bc3 Qf3+ 26. Kg1 Bg5 27. Re1 Qg3+ 28. Kh1 Nf3 29. Re2 Qg1# 0-1